Sports Quiz

Random Sports or NBA Quiz

NBA Win Shares Leaders Playoffs Quiz Stats

 Plays Quiz not verified by Sporcle

Challenge
Share
Tweet
Embed
Score 0/10 Timer 03:00
0 Plays Today
% Correct
Kobe Bryant
99.3%
Lebron James
98.4%
Tim Duncan
98%
Dirk Nowitzki
98%
Shaquille O'neal
95.1%
Shaquille O'neal
95.1%
Shaquille Oneal
95.1%
Kevin Garnett
95.1%
Chauncey Billups
93.5%
Pau Gasol
87.6%

You're not logged in!

Compare scores with friends on all Sporcle quizzes.
Join for Free
OR
Log In

You Might Also Like...

Show Comments

Extras

Top Quizzes Today


Score Distribution

Your Account Isn't Verified!

In order to create a playlist on Sporcle, you need to verify the email address you used during registration. Go to your Sporcle Settings to finish the process.

Report this User

Report this user for behavior that violates our Community Guidelines.

Details: